Ethics and values in life and literature : (Record no. 144572)

MARC details
000 -LEADER
fixed length control field 00569nam a22001697a 4500
010 ## - LCCN (DPL NO)
LC control number ENG-120667
020 ## - INTERNATIONAL STANDARD BOOK NUMBER
International Standard Book Number 9788172131852
Terms of availability 300.00
035 ## - SYSTEM CONTROL NUMBER
System control number EN-104199
037 ## - SOURCE OF ACQUISITION
Source of stock number/acquisition DBAD/PUB
082 ## - DEWEY DECIMAL CLASSIFICATION NUMBER
Classification number 170
245 ## - TITLE STATEMENT
Title Ethics and values in life and literature :
Statement of responsibility, etc edited by P. Padmini
Remainder of title a book on doctrines for a better world /
260 ## - PUBLICATION, DISTRIBUTION, ETC. (IMPRINT)
Place of publication, distribution, etc Guwahati
Name of publisher, distributor, etc Purbanchal Prakash
Date of publication, distribution, etc 2013
270 ## - ADDRESS
Address H.No-2, Sewjee Path, Dr.B.N. Saikia Path, Wireless,
City Guwahati
Postal code 781006
300 ## - PHYSICAL DESCRIPTION
Extent 119p.
Other physical details 22cm(Hb).
700 ## - ADDED ENTRY--PERSONAL NAME
Personal name Padmini, P.
942 ## - ADDED ENTRY ELEMENTS (KOHA)
Source of classification or shelving scheme Dewey Decimal Classification
Item type English Books
Classification part 170
Call number suffix ETH
Holdings
Withdrawn status Lost status Not for loan Collection code Home library Current library Date acquired Source of acquisition Cost, normal purchase price Full call number Barcode Copy number Cost, replacement price Koha item type
      Non-fiction Shahdara Branch Shahdara Branch 14/09/2017 DBAD/PUB 300.00 170 ETH EN-104199 1 300.00 English Books

© Delhi Public Library
Hit Counter
free hit counter